000 00297nam a2200133 i 4500
001 bg
100 1 _aKANIA, J.
245 0 _aUkłady odchylania poziomego /
_cJ. Kania.
260 _aWarszawa,
_c1986.
040 _cBPK
041 _apol
942 _cKS
008 s pl f |000 0 pol
999 _c2674
_d2674
856 _uhttp://koha.tu.koszalin.pl/cgi-bin/koha/opac-detail.pl?biblionumber=2674
_yKatalog online BPK